000 00695cam a22001935a 4500
001 L153815
008 110906s2011 xxk f 001 0 eng d
020 _a9780712676090
035 _a(Sirsi) u153815
041 0 _aeng
100 1 _aCollins, Jim
245 0 0 _aGood to great
_bwhy some companies make the leap and others don't
260 _aLondon
_bRandom House
_c2001
520 _aDiscusses how a company may advance from being 'good' to being 'great', and what separates these 'great' companies from the 'good' ones. Ideas are accompanied by evidence from the modern business world.
590 _aKA
651 4 _aENGLAND AND WALES
690 _aBusiness and management
942 _n0
999 _c112714
_d112714